[Event "Eastpointe (MCO/2/39)"]
[Site "?"]
[Date "1995.??.??"]
[Round "?"]
[White "Cooper, A."]
[Black "Felton, H."]
[Result "0-1"]
[WhiteElo "1605"]
[BlackElo "1605"]
[PlyCount "110"]
[EventDate "1995.??.??"]

{2/(39)} 1. d4 e6 2. Nf3 Nf6 3. a3 d5 4. Bg5 c5 5. c3 Nc6 6. Nbd2 cxd4 7. cxd4
Bd6 8. e3 O-O 9. Bd3 h6 10. Bxf6 Qxf6 11. O-O a6 12. b4 Bd7 13. Nb3 Rfc8 14.
Rc1 e5 15. dxe5 Nxe5 16. Nbd4 Nxf3+ 17. Nxf3 Bg4 18. Be2 Rxc1 19. Qxc1 Rc8 20.
Qd2 Be6 21. Nd4 Be5 22. f4 Bxd4 23. exd4 Bf5 24. Bf3 Be4 25. Qe3 Re8 26. Rd1
Qe6 27. Bxe4 Qxe4 28. Qxe4 Rxe4 29. g3 Re3 30. Ra1 Rd3 31. Rc1 Rxd4 32. Rc8+
Kh7 33. Rd8 Rd3 34. Rd7 b5 35. Rxf7 Rxa3 36. Rd7 Rb3 37. f5 Kg8 38. Rxd5 Rxb4
39. Rd8+ Kf7 40. Rd7+ Kf6 41. Rd6+ Kxf5 42. Rxa6 Rb2 43. Ra1 Kg4 44. Rd1 Kh3
45. Rd4 g5 46. Kf1 b4 47. Ke1 b3 48. Rb4 Kxh2 49. g4 Kg3 50. Kd1 Kh4 51. Kc1
Rg2 52. Rxb3 Kxg4 53. Rb4+ Kf3 54. Rb3+ Kf2 55. Rb2+ Kg3 0-1

[Event "Grand Rapids (MI Am/3/6)"]
[Site "?"]
[Date "1995.??.??"]
[Round "?"]
[White "Conlon, Russell"]
[Black "McNeil, Yaking"]
[Result "1-0"]
[WhiteElo "1865"]
[BlackElo "1605"]
[PlyCount "65"]
[EventDate "1995.??.??"]

{3/(6)} 1. d4 c5 2. d5 Nf6 3. Nc3 d6 4. e4 e5 5. Bd3 Be7 6. Nge2 O-O 7. O-O Ne8
8. Ng3 Bh4 9. Nf5 Bxf5 10. exf5 Bg5 11. Qg4 Bxc1 12. Raxc1 Nf6 13. Qh3 Nbd7 14.
g4 h6 15. Qg2 Rc8 16. h4 Nh7 17. Qg3 a6 18. Kh1 b5 19. Rg1 f6 20. Ne4 Nb6 21.
c4 b4 22. b3 Kh8 23. f3 Rg8 24. Rc2 Rc7 25. Qh3 Qd7 26. Rcg2 g5 27. fxg6 Rxg6
28. Nxd6 Rg8 29. Nf5 h5 30. gxh5 Rxg2 31. Qxg2 Rc8 32. Nh6 Rf8 33. Qg8+ 1-0

[Event "Grand Rapids (MI Am/1/11)"]
[Site "?"]
[Date "1995.??.??"]
[Round "?"]
[White "Conlon, Russell"]
[Black "Husak, J."]
[Result "1-0"]
[WhiteElo "1865"]
[BlackElo "1605"]
[PlyCount "23"]
[EventDate "1995.??.??"]

{1/(11)} 1. d4 d5 2. e4 dxe4 3. Nc3 Nf6 4. f3 exf3 5. Nxf3 Bg4 6. h3 Bxf3 7.
Qxf3 c6 8. Qf2 e6 9. Bd3 Bb4 10. O-O Bxc3 11. bxc3 Nd5 12. Qxf7# 1-0

[Event "Grand Rapids (MI Am/1/39)"]
[Site "?"]
[Date "1995.??.??"]
[Round "?"]
[White "Conlon, G."]
[Black "Nolan, Robert"]
[Result "1-0"]
[WhiteElo "1605"]
[BlackElo "1605"]
[PlyCount "39"]
[EventDate "1995.??.??"]

{1/(39)} 1. d4 Nf6 2. Nf3 e6 3. Bf4 d5 4. e3 Bd6 5. Bg5 Nbd7 6. Nbd2 c6 7. Bd3
h6 8. O-O c5 9. c3 Qc7 10. Re1 c4 11. Bc2 b5 12. e4 e5 13. exd5 Nxd5 14. Qe2
Be7 15. Bxe7 Nf4 16. Qe3 f6 17. dxe5 Ne6 18. exf6 Qc6 19. Be4 Qc5 20. Bxc5 1-0

[Event "Grand Rapids (MI Am/5/25)"]
[Site "?"]
[Date "1995.??.??"]
[Round "?"]
[White "Conlon, G."]
[Black "Mitchell, Dave"]
[Result "1-0"]
[WhiteElo "1605"]
[BlackElo "1605"]
[PlyCount "133"]
[EventDate "1995.??.??"]

{5/(25)} 1. d4 Nf6 2. Nf3 d5 3. Bf4 Bf5 4. e3 Nbd7 5. Be2 e6 6. h3 c5 7. c3 Rc8
8. O-O cxd4 9. exd4 Be7 10. Qb3 Qb6 11. Nbd2 Qxb3 12. axb3 a6 13. Nh4 Bg6 14.
Nxg6 hxg6 15. Bh2 Nh7 16. f4 O-O 17. Bg4 f5 18. Bf3 Nhf6 19. Rfe1 Kf7 20. Re3
Bd6 21. g4 Ne4 22. Nxe4 dxe4 23. Be2 Nf6 24. c4 Rfd8 25. g5 Ng8 26. h4 Ne7 27.
Rd1 Bb8 28. Bg3 Rd7 29. d5 Ba7 30. dxe6+ Kxe6 31. Rxd7 Kxd7 32. Bf2 Bxe3 33.
Bxe3 Nc6 34. Bd1 Nb4 35. Be2 b6 36. Bxb6 Rb8 37. Bd4 Nd3 38. Bxg7 Rxb3 39. h5
gxh5 40. Bxh5 Nxf4 41. Bd1 Rg3+ 42. Kf2 Rxg5 43. Bh6 Nd3+ 44. Ke3 Rg1 45. Ba4+
Ke6 46. b3 Re1+ 47. Kd2 Rh1 48. Bg5 Rh5 49. Bd8 f4 50. Bc6 Nf2 51. Bc7 e3+ 52.
Ke2 Rc5 53. Bd5+ Kf5 54. Bd6 Ra5 55. c5 Ra2+ 56. Kf3 Nd3 57. Be4+ Ke6 58. Bxd3
Ra3 59. Bc4+ Kd7 60. Bxf4 Kc6 61. Bxe3 a5 62. Ke4 a4 63. b4 Rxe3+ 64. Kxe3 a3
65. Kd3 a2 66. Bxa2 Kb5 67. Kc3 1-0

[Event "Grand Rapids (MI Am/3/27)"]
[Site "?"]
[Date "1995.??.??"]
[Round "?"]
[White "Conlon, G."]
[Black "Choate, Eric"]
[Result "1-0"]
[WhiteElo "1605"]
[BlackElo "1605"]
[PlyCount "69"]
[EventDate "1995.??.??"]

{3/(27)} 1. d4 d5 2. Nf3 Nf6 3. Bf4 Nc6 4. h3 Bf5 5. c3 e6 6. e3 Be7 7. Be2 O-O
8. Nbd2 h6 9. O-O Bd6 10. Ne5 Ne4 11. Nxe4 Bxe4 12. Rc1 Nxe5 13. dxe5 Be7 14.
c4 c6 15. Qb3 b6 16. Rc3 Bg5 17. Bh2 Bh4 18. f4 g5 19. Qd1 f6 20. g3 Bxg3 21.
Bxg3 fxe5 22. fxe5 Rxf1+ 23. Bxf1 Qf8 24. Bg2 Bg6 25. cxd5 cxd5 26. Qc1 Re8 27.
Rc7 a5 28. Qc6 Rd8 29. Qxb6 Rb8 30. Rb7 Rc8 31. Qxe6+ Bf7 32. Qf6 Re8 33. Bxd5
Bxd5 34. Qg6+ Kh8 35. Qh7# 1-0

[Event "East Lansing (MI Op/4/26)"]
[Site "?"]
[Date "1995.??.??"]
[Round "?"]
[White "Comstock, Ron"]
[Black "Robbins, Fred"]
[Result "1-0"]
[WhiteElo "1880"]
[BlackElo "1990"]
[PlyCount "63"]
[EventDate "1995.??.??"]

{4/(26)} 1. d4 c5 2. d5 Nf6 3. c4 Ne4 4. Qc2 Qa5+ 5. Nd2 Nd6 6. Ngf3 g6 7. b3
Bg7 8. Bb2 Bxb2 9. Qxb2 O-O 10. e3 Na6 11. Be2 b5 12. O-O bxc4 13. Nxc4 Nxc4
14. Bxc4 d6 15. e4 Rb8 16. e5 Nc7 17. exd6 exd6 18. Qf6 Ne8 19. Qh4 Ba6 20.
Rfe1 Bxc4 21. bxc4 Qc3 22. Rac1 Qb2 23. h3 Qg7 24. Re7 Ra8 25. Rb1 a5 26. Rbb7
a4 27. Ng5 h5 28. Nxf7 Rxf7 29. Rxf7 Qe5 30. Rbe7 Qa1+ 31. Kh2 Qh8 32. Qg5 1-0

[Event "East Lansing (MI Op/2/34)"]
[Site "?"]
[Date "1995.??.??"]
[Round "?"]
[White "Comstock, Ron"]
[Black "June, Brian"]
[Result "0-1"]
[WhiteElo "1880"]
[BlackElo "1800"]
[PlyCount "60"]
[EventDate "1995.??.??"]

{2/(34)} 1. d4 Nf6 2. c4 g6 3. g3 Bg7 4. Bg2 O-O 5. Nf3 d6 6. O-O Nbd7 7. Nc3
e5 8. e4 exd4 9. Nxd4 Ne5 10. b3 Bd7 11. Bb2 Qc8 12. f4 Nc6 13. e5 dxe5 14.
Nxc6 Bxc6 15. Bxc6 bxc6 16. fxe5 Ng4 17. Qf3 Nxe5 18. Qg2 Nd3 19. Rad1 Nxb2 20.
Qxb2 Qe6 21. Rde1 Qd6 22. Rd1 Qe5 23. Rd3 Rad8 24. Rff3 Rxd3 25. Rxd3 Qe1+ 26.
Kg2 Re8 27. Qc2 Bxc3 28. Qxc3 Re2+ 29. Kh3 Qf1+ 30. Kh4 Rxh2+ 0-1

[Event "Troy (TCC/1/10)"]
[Site "?"]
[Date "1995.??.??"]
[Round "?"]
[White "Comstock, Ron"]
[Black "Hater, David"]
[Result "1/2-1/2"]
[WhiteElo "1870"]
[BlackElo "1900"]
[PlyCount "73"]
[EventDate "1995.??.??"]

{1/(10)} 1. d4 Nf6 2. c4 g6 3. g3 Bg7 4. Bg2 d5 5. Nc3 c6 6. cxd5 cxd5 7. Qb3
e6 8. Nf3 O-O 9. O-O Nc6 10. Rd1 Nd7 11. e4 dxe4 12. Nxe4 Qb6 13. Qxb6 Nxb6 14.
Bf4 Nd5 15. Ne5 Nxf4 16. Nxc6 bxc6 17. gxf4 Rd8 18. Rac1 Rxd4 19. Rxd4 Bxd4 20.
Rxc6 Bb7 21. Rc7 Rb8 22. Rxb7 Rxb7 23. Nf6+ Bxf6 24. Bxb7 Bxb2 25. Kg2 Kf8 26.
Kh3 Ke7 27. Kg4 Bc1 28. h3 h6 29. Bc6 Kf6 30. Be8 Bd2 31. Kf3 Ke7 32. Bb5 f5
33. Bc4 Kf6 34. Bb3 g5 35. fxg5+ hxg5 36. Ke2 Bc1 37. f3 1/2-1/2

[Event "East Lansing (MI Op/6/26)"]
[Site "?"]
[Date "1995.??.??"]
[Round "?"]
[White "Comstock, Ron"]
[Black "Golonka, Stan"]
[Result "1/2-1/2"]
[WhiteElo "1880"]
[BlackElo "1975"]
[PlyCount "93"]
[EventDate "1995.??.??"]

{6/(26)} 1. d4 c5 2. d5 e5 3. e4 d6 4. f4 exf4 5. Nf3 Nf6 6. Nc3 Nh5 7. Bb5+
Bd7 8. Bxd7+ Nxd7 9. O-O g6 10. Ne2 g5 11. Ne1 h6 12. Nd4 Ng7 13. Nb3 Qe7 14.
Rf2 Ne5 15. Nf3 f6 16. Bd2 Qd7 17. Qe2 Be7 18. Kh1 Bd8 19. Rg1 c4 20. Nbd4 Bb6
21. Bc3 Rc8 22. g3 g4 23. Nh4 f3 24. Qd2 Kd8 25. Ba5 Bxa5 26. Qxa5+ b6 27. Qa3
Rc5 28. Nhf5 Ra5 29. Qb4 Ra4 30. Qc3 Nxf5 31. Ne6+ Ke7 32. exf5 Rxa2 33. Re1
Qa4 34. Nf4 Rc8 35. h3 h5 36. Nxh5 Qa5 37. Qe3 Ra1 38. Rff1 Rxe1 39. Rxe1 Qxd5
40. Kh2 Rh8 41. Nf4 Qa8 42. Ng6+ Kd7 43. Nxh8 f2 44. Ra1 gxh3 45. Kxh3 Qxh8+
46. Kg2 Qa8+ 47. Kh3 1/2-1/2

[Event "Troy (TCC/2/5)"]
[Site "?"]
[Date "1995.??.??"]
[Round "?"]
[White "Comstock, Ron"]
[Black "Chehayeb, Sal"]
[Result "0-1"]
[WhiteElo "1870"]
[BlackElo "2030"]
[PlyCount "58"]
[EventDate "1995.??.??"]

{2/(5)} 1. d4 Nf6 2. c4 e5 3. dxe5 Ng4 4. Bf4 g5 5. Bd2 Nxe5 6. Qc1 h6 7. Nf3
Nbc6 8. Nxe5 Nxe5 9. e3 d6 10. Be2 Bg7 11. Bc3 Be6 12. Nd2 O-O 13. Nf3 c6 14.
Nxe5 dxe5 15. Qc2 f5 16. Rd1 Qc7 17. O-O f4 18. exf4 Rxf4 19. g3 Rff8 20. Qg6
Bh3 21. Rfe1 Qb6 22. Bd4 exd4 23. Bd3 Rf7 24. Qh7+ Kf8 25. Qg6 c5 26. Qh5 Bf5
27. Qe2 Bxd3 28. Rxd3 Qf6 29. f4 Qe7 0-1

[Event "East Lansing (Class C/1/17)"]
[Site "?"]
[Date "1995.??.??"]
[Round "?"]
[White "Collins, Devontia"]
[Black "Vaughn, Gerald"]
[Result "1-0"]
[WhiteElo "1605"]
[BlackElo "1605"]
[PlyCount "165"]
[EventDate "1995.??.??"]

{1/(17)} 1. Nf3 d5 2. g3 Nf6 3. Bg2 Bf5 4. O-O e6 5. d3 h6 6. Nc3 c6 7. h3 h5
8. Nh4 Bh7 9. e4 Bd6 10. Bg5 Nbd7 11. Re1 Qc7 12. Bxf6 Bxg3 13. fxg3 Qxg3 14.
Qf3 Qxf3 15. Nxf3 gxf6 16. exd5 cxd5 17. Nxd5 O-O-O 18. Nc3 a6 19. Ne4 Kc7 20.
Nfd2 Rhg8 21. Nb3 b6 22. a4 Ne5 23. Kh2 a5 24. Nxf6 Ng4+ 25. hxg4 Rg7 26. Nxh7
Rxh7 27. gxh5 Rxh5+ 28. Kg1 Rg8 29. Nd4 Rhg5 30. Re2 Rg4 31. Nf3 f5 32. Ne5 Rg3
33. Rf1 Kd6 34. d4 Rf8 35. Rf3 Rg5 36. Nc4+ Kc7 37. Rxe6 Rfg8 38. Rf2 f4 39.
Rf6 Rg4 40. R6xf4 Rxf4 41. Rxf4 Rg5 42. d5 Kd7 43. Nxb6+ Kc7 44. Nc4 Rg8 45.
d6+ Kd7 46. Nxa5 Kxd6 47. Nc4+ Kc5 48. b3 Rg3 49. a5 Rc3 50. Rf6 Rxc2 51. a6
Ra2 52. Rf7 Rxa6 53. Rf5+ Kb4 54. Nd2 Ra2 55. Nf1 Rb2 56. Bd5 Rc2 57. Rf8 Rb2
58. Ne3 Kc5 59. Rc8+ Kd4 60. Re8 Rd2 61. Nf5+ Kc5 62. Bg8 Ra2 63. Rb8 Kc6 64.
Nd4+ Kc7 65. Rb5 Rd2 66. Ne6+ Kc6 67. Rb4 Kd7 68. Rd4+ Rxd4 69. Nxd4 Kd6 70.
Kf2 Kc5 71. Ke3 Kb4 72. Kd3 Kc5 73. Kc3 Kb6 74. b4 Kc7 75. Kc4 Kb6 76. b5 Kc7
77. Kc5 Kb7 78. b6 Kc8 79. Be6+ Kb7 80. Nc6 Ka8 81. Kb5 Kb7 82. Bd5 Kc8 83. Ka6
1-0

[Event "East Lansing (Class C/3/8)"]
[Site "?"]
[Date "1995.??.??"]
[Round "?"]
[White "Collins, Devontia"]
[Black "Cutler, C."]
[Result "0-1"]
[WhiteElo "1605"]
[BlackElo "1605"]
[PlyCount "64"]
[EventDate "1995.??.??"]

{3/(8)} 1. Nf3 c6 2. g3 d5 3. Bg2 Bf5 4. O-O Nd7 5. d3 Ndf6 6. Nbd2 e6 7. h3
Bd6 8. Nh4 Ne7 9. Nxf5 exf5 10. c4 O-O 11. cxd5 Nexd5 12. Nc4 Bc7 13. Bg5 h6
14. Bd2 f4 15. Qc1 b5 16. Na3 Qd6 17. Nc2 fxg3 18. fxg3 Qxg3 19. Rf3 Qh2+ 20.
Kf2 Nh5 21. Bxh6 Bg3+ 22. Kf1 Rae8 23. e4 Re6 24. Be3 Bf4 25. exd5 Rg6 26. Ne1
Bg3 27. Bg1 Re8 28. Qd2 Bxe1 29. Rxe1 Rxe1+ 30. Kxe1 Qxg1+ 31. Bf1 cxd5 32. Qe2
Re6 0-1

[Event "Eastpointe (MCO/5/23)"]
[Site "?"]
[Date "1995.??.??"]
[Round "?"]
[White "Collins, Charles"]
[Black "Venia, Mike"]
[Result "1-0"]
[WhiteElo "1715"]
[BlackElo "1605"]
[PlyCount "45"]
[EventDate "1995.??.??"]

{5/(23)} 1. d4 d5 2. c4 e6 3. g3 Nf6 4. Bg2 Be7 5. Nf3 O-O 6. O-O Nbd7 7. Qc2
Re8 8. Rd1 c5 9. Na3 cxd4 10. Nb5 e5 11. cxd5 Nxd5 12. e4 a6 13. exd5 axb5 14.
Qb3 Bf6 15. Qxb5 Qa5 16. Qe2 Qxd5 17. Nxd4 Qc5 18. Nb5 Rb8 19. Be3 Qf8 20. Rac1
Be7 21. Nc7 h5 22. Nxe8 Qxe8 23. Qxh5 1-0

[Event "Eastpointe (MCO/2/11)"]
[Site "?"]
[Date "1995.??.??"]
[Round "?"]
[White "Collins, Charles"]
[Black "Smith, Walt"]
[Result "0-1"]
[WhiteElo "1715"]
[BlackElo "2045"]
[PlyCount "50"]
[EventDate "1995.??.??"]

{2/(11)} 1. d4 c5 2. Nf3 cxd4 3. Nxd4 Nc6 4. e4 g6 5. Be3 Bg7 6. Nc3 Nf6 7. f3
O-O 8. Qd2 d5 9. h4 Nxd4 10. Bxd4 dxe4 11. O-O-O Be6 12. Be2 Qa5 13. h5 Bxa2
14. hxg6 fxg6 15. Nxe4 Qxd2+ 16. Rxd2 Nxe4 17. fxe4 Be6 18. Bf3 h5 19. e5 Bh6
20. Bxb7 Rad8 21. c3 Rf2 22. Rhd1 Bg4 23. Bxf2 Bxd1 24. Be1 Bb3 25. Be4 Kf7 0-1

[Event "Eastpointe (EDO/3/4)"]
[Site "?"]
[Date "1995.??.??"]
[Round "?"]
[White "Collins, Charles"]
[Black "Carvell, John"]
[Result "0-1"]
[WhiteElo "1760"]
[BlackElo "1605"]
[PlyCount "54"]
[EventDate "1995.??.??"]

{3/(4)} 1. d4 d5 2. c4 c6 3. g3 Nf6 4. Bg2 Bf5 5. Nf3 e6 6. O-O dxc4 7. Ne5 Be7
8. Na3 Bxa3 9. bxa3 O-O 10. Nxc4 Na6 11. Re1 c5 12. Bxb7 Rb8 13. Bxa6 cxd4 14.
Bf4 Ra8 15. Bb7 Nd5 16. Bxa8 Nxf4 17. Bh1 Nh3+ 18. Kf1 Qf6 19. f3 e5 20. e4
dxe3 21. Rxe3 e4 22. f4 Rd8 23. Qe1 g5 24. Qc3 Qh6 25. fxg5 Nxg5 26. Rc1 Qxh2
27. Bg2 Nh3 0-1

[Event "East Lansing (MOR/2/26)"]
[Site "?"]
[Date "1995.??.??"]
[Round "?"]
[White "Coats, B."]
[Black "Stacey, William"]
[Result "1/2-1/2"]
[WhiteElo "1735"]
[BlackElo "1605"]
[PlyCount "100"]
[EventDate "1995.??.??"]

{2/(26)} 1. e4 e5 2. Nf3 Nc6 3. Bc4 Bc5 4. O-O Nf6 5. Nc3 O-O 6. d3 d6 7. h3 h6
8. a3 Be6 9. Bxe6 fxe6 10. Na4 Bb6 11. Nxb6 axb6 12. Re1 Nd4 13. c3 Nxf3+ 14.
Qxf3 Nd5 15. Qe2 Nf4 16. Bxf4 exf4 17. Qg4 e5 18. Rad1 Qe8 19. g3 Rf6 20. Rf1
Rg6 21. Qf3 Qe6 22. Kh2 Rf8 23. g4 Qe8 24. Rfe1 Rg5 25. h4 Rg6 26. Rg1 Qb5 27.
Rd2 Qd7 28. d4 Qe6 29. dxe5 dxe5 30. Rd3 Qe7 31. Kh3 Qe6 32. Kh2 Qb3 33. Rd2
Rd6 34. Rgd1 Rfd8 35. Rxd6 Rxd6 36. Rxd6 cxd6 37. Qe2 b5 38. Qd2 Qe6 39. f3 g5
40. h5 Kf7 41. Kg2 Ke7 42. Kf2 Qc4 43. Qe2 Qc5+ 44. Kf1 Kd7 45. Qd2 Kc6 46. Ke2
Qc4+ 47. Qd3 Kc5 48. b4+ Kc6 49. Qxc4+ bxc4 50. a4 b6 1/2-1/2

[Event "East Lansing (MOR/6/15)"]
[Site "?"]
[Date "1995.??.??"]
[Round "?"]
[White "Coats, B."]
[Black "Carroll, R."]
[Result "1-0"]
[WhiteElo "1735"]
[BlackElo "1605"]
[PlyCount "139"]
[EventDate "1995.??.??"]

{6/(15)} 1. e4 e6 2. d4 d5 3. Nd2 c5 4. dxc5 Bxc5 5. Nb3 Bb6 6. exd5 exd5 7.
Nf3 Nf6 8. Be2 O-O 9. O-O Nc6 10. c3 Qd6 11. Nfd4 Bc7 12. g3 Bh3 13. Nb5 Qd7
14. Nxc7 Qxc7 15. Bf4 Qc8 16. Re1 b6 17. Bf3 Qf5 18. Nd4 Nxd4 19. Qxd4 Rfe8 20.
Re5 Rxe5 21. Qxe5 Qc2 22. Qe2 Qa4 23. Qd1 Qd7 24. Qd2 Re8 25. Re1 Rxe1+ 26.
Qxe1 Qf5 27. Bg2 Bg4 28. a3 Qd7 29. Qe5 Be6 30. Qb8+ Ne8 31. Bf1 f6 32. Ba6 Kf7
33. Qb7 Qxb7 34. Bxb7 Kg6 35. Ba6 Kf5 36. Bd3+ Kg4 37. Kg2 Kh5 38. Ba6 g5 39.
Bb8 Bf5 40. Bxa7 Be4+ 41. f3 Bc2 42. Bxb6 Nd6 43. Bc5 Nc4 44. Bxc4 dxc4 45. h3
Bb3 46. Be3 f5 47. f4 g4 48. h4 Kg6 49. Ba7 h5 50. Kf2 Kf6 51. Ke3 Ke6 52. Kd4
Kd6 53. a4 Kc6 54. a5 Kb5 55. Bb6 Bc2 56. Ke5 Ka4 57. Kf6 Kb3 58. Bc5 Kxb2 59.
Bb4 Kc1 60. Kg5 Kd2 61. Kxh5 Ke3 62. Kg6 Be4 63. h5 Bd5 64. h6 Bg8 65. a6 Kf3
66. a7 Bd5 67. h7 Kxg3 68. h8=Q Kf3 69. a8=Q Bxa8 70. Qxa8+ 1-0

[Event "East Lansing (MOR/4/12)"]
[Site "?"]
[Date "1995.??.??"]
[Round "?"]
[White "Coats, B."]
[Black "Boyle, John"]
[Result "1-0"]
[WhiteElo "1735"]
[BlackElo "1605"]
[PlyCount "117"]
[EventDate "1995.??.??"]

{4/(12)} 1. e4 c5 2. Nc3 Nc6 3. g3 g6 4. Bg2 Bg7 5. d3 Nf6 6. Be3 d6 7. Nge2
O-O 8. h3 Be6 9. Qd2 Qd7 10. Bh6 Rab8 11. Bxg7 Kxg7 12. f4 Nd4 13. g4 Nxe2 14.
Qxe2 Qc7 15. f5 Bd7 16. h4 h6 17. g5 Nh5 18. gxh6+ Kh7 19. Rg1 Nf4 20. Qf3
Nxg2+ 21. Rxg2 Rg8 22. fxg6+ fxg6 23. Qf7+ Kxh6 24. Qxe7 Qd8 25. Qg5+ Qxg5 26.
hxg5+ Kg7 27. Nd5 Rh8 28. O-O-O Rbf8 29. Nf6 Bc6 30. c3 Rf7 31. Rdd2 Re7 32.
Rh2 a6 33. Rxh8 Kxh8 34. Rh2+ Kg7 35. Rh7+ Kf8 36. Kd2 Re5 37. Rh3 Ke7 38. Rg3
d5 39. d4 Rxg5 40. Ng8+ Kf8 41. Rxg5 Kxg8 42. exd5 Be8 43. dxc5 Kf7 44. Ke3 Kf6
45. Kf4 Bd7 46. b4 Be8 47. c4 Bd7 48. Re5 Kf7 49. Kg5 Be8 50. Re6 Bd7 51. Rxg6
Be8 52. Rb6 a5 53. Rxb7+ Kf8 54. Rb8 axb4 55. Kf6 b3 56. axb3 Kg8 57. Rxe8+ Kh7
58. b4 Kh6 59. Rh8# 1-0

[Event "Grand Rapids (MI Am/5/37)"]
[Site "?"]
[Date "1995.??.??"]
[Round "?"]
[White "Clark, R."]
[Black "Van Dorp, J."]
[Result "0-1"]
[WhiteElo "1605"]
[BlackElo "1605"]
[PlyCount "54"]
[EventDate "1995.??.??"]

{5/(37)} 1. e4 c5 2. Nf3 d6 3. d4 cxd4 4. Nxd4 Nc6 5. Bc4 Nf6 6. Nc3 g6 7. Nxc6
bxc6 8. Bg5 Bg7 9. Qd2 O-O 10. Bh6 Bxh6 11. Qxh6 Qb6 12. O-O Qxb2 13. Qd2 Qb4
14. Bd3 Ba6 15. Rfe1 Bxd3 16. Qxd3 d5 17. Rab1 Qc5 18. h3 Rfd8 19. e5 Nh5 20.
g3 e6 21. Rb2 d4 22. Ne4 Qxe5 23. f4 Qd5 24. Reb1 f5 25. Ng5 h6 26. Nf3 Nxg3
27. Kf2 Ne4+ 0-1

[Event "Grand Rapids (MI Am/2/47)"]
[Site "?"]
[Date "1995.??.??"]
[Round "?"]
[White "Clark, R."]
[Black "Golanski, E."]
[Result "1-0"]
[WhiteElo "1605"]
[BlackElo "1605"]
[PlyCount "53"]
[EventDate "1995.??.??"]

{2/(47)} 1. c4 e6 2. d4 c5 3. Nf3 b6 4. Nc3 h6 5. e4 Nf6 6. e5 Nh7 7. Be2 Ng5
8. O-O Nxf3+ 9. Bxf3 Nc6 10. d5 exd5 11. Bxd5 Be7 12. Re1 d6 13. Bxc6+ Bd7 14.
Bxa8 Qxa8 15. exd6 O-O 16. dxe7 Re8 17. Qxd7 h5 18. Nd5 Qb8 19. Bf4 Qc8 20.
Qxc8 Rxc8 21. e8=Q+ Rxe8 22. Rxe8+ Kh7 23. b4 f6 24. Rae1 Kg6 25. g4 Kh7 26.
gxh5 g6 27. R1e7# 1-0

[Event "East Lansing (Beg/4/9)"]
[Site "?"]
[Date "1995.??.??"]
[Round "?"]
[White "Clark, R."]
[Black "Choate, Eric"]
[Result "1-0"]
[WhiteElo "1605"]
[BlackElo "1605"]
[PlyCount "59"]
[EventDate "1995.??.??"]

{4/(9)} 1. c4 d5 2. cxd5 Qxd5 3. Nc3 Qf5 4. e4 Qf6 5. Nf3 e5 6. Be2 Nh6 7. h3
Bb4 8. Qc2 Bxc3 9. Qxc3 O-O 10. Qxc7 Be6 11. Qxb7 Nd7 12. Qa6 Qf4 13. d3 Nc5
14. Qa3 Qf6 15. Qxc5 Rac8 16. Qa3 Rc2 17. Bd2 Rfc8 18. O-O Qd8 19. b3 Qf8 20.
Bb4 Qd8 21. Rfe1 Qc7 22. d4 exd4 23. Nxd4 Qe5 24. Nxc2 Rxc2 25. Rad1 Qg5 26.
Be7 f6 27. Rd8+ Kf7 28. Qxa7 Bxh3 29. Bf8+ Kg6 30. Qxg7# 1-0

[Event "East Lansing (Beg/2/8)"]
[Site "?"]
[Date "1995.??.??"]
[Round "?"]
[White "Clark, R."]
[Black "Choate, Dan"]
[Result "1-0"]
[WhiteElo "1605"]
[BlackElo "1605"]
[PlyCount "53"]
[EventDate "1995.??.??"]

{2/(8)} 1. c4 e5 2. e4 Nf6 3. Nc3 c6 4. Nf3 d6 5. Be2 h6 6. O-O Be7 7. b3 O-O
8. Bb2 Bg4 9. Qc2 Bxf3 10. Bxf3 a6 11. Rfd1 Qc8 12. Ne2 c5 13. Ng3 g6 14. Ne2
b5 15. cxb5 axb5 16. Nc3 Ra5 17. Be2 Qc6 18. a4 b4 19. Nd5 Nxd5 20. exd5 Qxd5
21. Bc4 Qb7 22. Qxg6+ Kh8 23. Qxh6+ Kg8 24. Re1 Nd7 25. Re3 Bf6 26. Rg3+ Bg7
27. Qxg7# 1-0

[Event "East Lansing (Beg/5/5)"]
[Site "?"]
[Date "1995.??.??"]
[Round "?"]
[White "Clark, R."]
[Black "Banks, David"]
[Result "1-0"]
[WhiteElo "1605"]
[BlackElo "1605"]
[PlyCount "55"]
[EventDate "1995.??.??"]

{5/(5)} 1. c4 e5 2. Nc3 Bb4 3. Qc2 Nc6 4. e3 Nf6 5. a3 Bxc3 6. Qxc3 d6 7. g3
O-O 8. Bg2 d5 9. cxd5 Nxd5 10. Qc2 Be6 11. Ne2 Bg4 12. d3 Re8 13. O-O Qd6 14.
b4 a5 15. Bb2 axb4 16. axb4 Ncxb4 17. Qd2 Rxa1 18. Rxa1 Bxe2 19. Qxe2 c5 20.
Be4 g6 21. h4 b5 22. Ra5 Nc7 23. Qf3 Nxd3 24. Bxd3 Qxd3 25. Kg2 c4 26. Ra7 c3
27. Rxc7 cxb2 28. Qxf7+ 1-0

[Event "East Lansing (Class C/1/2)"]
[Site "?"]
[Date "1995.??.??"]
[Round "?"]
[White "Clark, N."]
[Black "al-Shareef, Robert"]
[Result "0-1"]
[WhiteElo "1605"]
[BlackElo "1605"]
[PlyCount "92"]
[EventDate "1995.??.??"]

{1/(2)} 1. e4 d6 2. d4 Nf6 3. Nc3 g6 4. Nf3 Bg7 5. Bc4 c6 6. d5 O-O 7. O-O Qc7
8. Qd3 Nbd7 9. Be3 Ng4 10. Rad1 Nde5 11. Nxe5 Nxe5 12. Qe2 c5 13. Bb3 a6 14. a4
Bd7 15. h3 f5 16. f4 Nf7 17. Qd3 Rac8 18. Bc4 fxe4 19. Nxe4 Bxa4 20. b3 Bd7 21.
Qe2 b5 22. Bd3 c4 23. bxc4 bxc4 24. Rd2 cxd3 25. Qxd3 Qc4 26. Rff2 Qxd3 27.
Rxd3 Bf5 28. Nxd6 Nxd6 29. Ra3 Rc3 30. Rxc3 Bxc3 31. g4 Be4 32. f5 gxf5 33.
gxf5 Nxf5 34. Bc5 a5 35. Re2 Bxd5 36. Bxe7 Nxe7 37. Rxe7 a4 38. Rd7 a3 39. Rxd5
a2 40. Rd1 a1=Q 41. Rxa1 Bxa1 42. c4 Rf5 43. h4 Bd4+ 44. Kg2 h5 45. Kg3 Kf7 46.
Kh3 Ke6 0-1

[Event "East Lansing (Class C/5/11)"]
[Site "?"]
[Date "1995.??.??"]
[Round "?"]
[White "Clark, N."]
[Black "Rosebrook, G."]
[Result "1-0"]
[WhiteElo "1605"]
[BlackElo "1605"]
[PlyCount "57"]
[EventDate "1995.??.??"]

{5/(11)} 1. d4 Nf6 2. c4 c5 3. d5 d6 4. Nc3 g6 5. Bd2 Bg7 6. e4 e6 7. Nf3 O-O
8. Bd3 exd5 9. cxd5 Re8 10. O-O a6 11. Rb1 Bd7 12. b4 Ng4 13. bxc5 Bc8 14. Na4
Nd7 15. cxd6 Nde5 16. Bg5 Nxf3+ 17. Qxf3 Qxg5 18. Nb6 Ne5 19. Qd1 Bg4 20. Be2
Nf3+ 21. Bxf3 Rxe4 22. Nxa8 Rd4 23. Qe2 Rf4 24. Qe8+ Bf8 25. Bxg4 Rxg4 26. g3
Qxd5 27. Rfd1 Rd4 28. Rxd4 Qxd4 29. d7 1-0

[Event "East Lansing (Class C/3/12)"]
[Site "?"]
[Date "1995.??.??"]
[Round "?"]
[White "Clark, N."]
[Black "Belill, Mike"]
[Result "0-1"]
[WhiteElo "1605"]
[BlackElo "1605"]
[PlyCount "96"]
[EventDate "1995.??.??"]

{3/(12)} 1. e4 e5 2. Nf3 Nc6 3. Nc3 Nf6 4. Bc4 Bc5 5. d3 d6 6. Bg5 Be6 7. Nd5
h6 8. Bxf6 gxf6 9. c3 Bxd5 10. exd5 Ne7 11. Qa4+ Qd7 12. Bb5 c6 13. dxc6 Nxc6
14. d4 exd4 15. Nxd4 Rc8 16. O-O-O O-O 17. g4 a6 18. Bd3 Bxd4 19. Bf5 Qc7 20.
Bxc8 Rxc8 21. cxd4 Nxd4+ 22. Kb1 Nc6 23. Qf4 a5 24. Qxf6 Nb4 25. Rc1 Qd7 26.
Rxc8+ Qxc8 27. Qf5 Qc4 28. b3 Qe2 29. Qc8+ Kg7 30. Qc3+ f6 31. Re1 Qxa2+ 32.
Kc1 Qxf2 33. Re7+ Kg6 34. Qd2 Qxd2+ 35. Kxd2 Kg5 36. h3 Nd5 37. Rxb7 Nf4 38.
Rb5+ Kh4 39. Rxa5 Kxh3 40. Rf5 Kxg4 41. Rxf6 h5 42. Rxd6 h4 43. b4 h3 44. b5 h2
45. Rh6 Nh5 46. b6 h1=Q 47. Rg6+ Kf5 48. Rg8 Qd5+ 0-1

[Event "East Lansing (MI Op/4/14)"]
[Site "?"]
[Date "1995.??.??"]
[Round "?"]
[White "Clark, K."]
[Black "Smith, Mike A"]
[Result "1/2-1/2"]
[WhiteElo "2055"]
[BlackElo "1885"]
[PlyCount "65"]
[EventDate "1995.??.??"]

{4/(14)} 1. d4 Nf6 2. Nf3 c5 3. e3 cxd4 4. exd4 d5 5. c3 Nc6 6. Bd3 Bg4 7. h3
Bh5 8. Nbd2 e6 9. O-O Bd6 10. Re1 O-O 11. Qc2 Rc8 12. Qa4 Qc7 13. Bb5 a6 14.
Bxc6 Qxc6 15. Qxc6 Rxc6 16. Ne5 Rc7 17. g4 Bg6 18. Nxg6 hxg6 19. Nb3 Rfc8 20.
f3 Nd7 21. Be3 Nb6 22. Nd2 Nc4 23. Nxc4 Rxc4 24. a4 b5 25. axb5 axb5 26. Rec1
Kf8 27. Kf2 R8c7 28. Ke2 b4 29. Kd3 bxc3 30. Rxc3 Rxc3+ 31. bxc3 f6 32. Ra6 Ke7
33. Ra8 1/2-1/2

[Event "Eastpointe (MCO/1/11)"]
[Site "?"]
[Date "1995.??.??"]
[Round "?"]
[White "Clark, K."]
[Black "Nikitin, Mike"]
[Result "1-0"]
[WhiteElo "2055"]
[BlackElo "1605"]
[PlyCount "53"]
[EventDate "1995.??.??"]

{1/(11)} 1. d4 Nf6 2. c4 g6 3. Nc3 d5 4. e3 Bg7 5. Nf3 Bg4 6. Be2 O-O 7. b3 c6
8. O-O Nbd7 9. Bb2 Re8 10. h3 Bxf3 11. Bxf3 e6 12. Qd2 dxc4 13. bxc4 Nb6 14.
Be2 Re7 15. Rfd1 Rd7 16. Qc2 Qc7 17. a4 Rad8 18. a5 Nc8 19. Na4 b6 20. axb6
axb6 21. c5 b5 22. Nc3 Qb7 23. Qb3 Na7 24. Na2 Nd5 25. Bf3 Ne7 26. Nb4 Bh8 27.
Ra6 {1-0, time.} 1-0